[Event "ch-CHN 2012"]
[Site "Xinghua CHN"]
[Date "2012.03.27"]
[Round "1"]
[White "Li, Shilong"]
[Black "Lu, Shanglei"]
[Result "1-0"]
[WhiteTitle "GM"]
[BlackTitle "GM"]
[WhiteElo "2549"]
[BlackElo "2514"]
[WhiteFideId "8600678"]
[BlackFideId "8603332"]
[EventDate "2012.03.27"]

1. d4 d5 2. c4 c6 3. Nf3 Nf6 4. Nc3 e6 5. Bg5 dxc4 6. e4 b5 7. e5 h6 8. Bh4 g5
9. Bg3 Nd5 10. Be2 Nd7 11. O-O Bb7 12. a4 a6 13. Nd2 Qb6 14. Nde4 c5 15. Nxd5
Bxd5 16. Nc3 Bg7 17. Nxd5 exd5 18. Bg4 Rd8 19. e6 Nf6 20. axb5 axb5 21. Re1 Ne4
22. exf7+ Kxf7 23. Qf3+ Kg8 24. Rxe4 dxe4 25. Qxe4 Rh7 26. Bf5 Kh8 27. Bxh7 cxd4
28. Bf5 Qf6 29. Ra7 d3 30. Rxg7 d2 31. Rh7+ Kg8 32. Be6+ Kf8 33. Rh8+ 1-0

[Event "ch-CHN 2012"]
[Site "Xinghua CHN"]
[Date "2012.03.27"]
[Round "1"]
[White "Wang, Chen"]
[Black "Hou, Yifan"]
[Result "1-0"]
[WhiteTitle "IM"]
[BlackTitle "GM"]
[WhiteElo "2490"]
[BlackElo "2639"]
[WhiteFideId "8601020"]
[BlackFideId "8602980"]
[EventDate "2012.03.27"]

1. e4 c5 2. Nf3 g6 3. c3 Bg7 4. d4 cxd4 5. cxd4 d5 6. e5 Nh6 7. Nc3 O-O 8. Be2
Nc6 9. O-O Bg4 10. h3 Bxf3 11. Bxf3 Nf5 12. Bxd5 Nfxd4 13. f4 Qa5 14. Be3 Nf5
15. Bf2 Rad8 16. Qf3 Nfd4 17. Qe4 e6 18. Bxc6 Nxc6 19. a3 g5 20. b4 Qc7 21. Nb5
Qb8 22. Bc5 gxf4 23. Bxf8 Rxf8 24. Qxf4 Bxe5 25. Qg4+ Kh8 26. Rac1 f6 27. Qh5
Qd8 28. Rfd1 Qe7 29. Rd3 Bb8 30. Rcd1 Ne5 31. R3d2 Rg8 32. Nd6 Qg7 33. Qe2 Bc7
34. Kh1 Qg3 35. Ne4 Qg6 36. Rf1 Rf8 37. Nc5 Qg3 38. Qf2 Qg8 39. Nd7 Rf7 40. Nxe5
Bxe5 41. Rfd1 Qg5 42. Qf3 b6 43. Rd7 Kg7 44. Qb7 1-0

[Event "ch-CHN 2012"]
[Site "Xinghua CHN"]
[Date "2012.03.27"]
[Round "1"]
[White "Liu, Qingnan"]
[Black "Ni, Hua"]
[Result "1/2-1/2"]
[WhiteTitle "IM"]
[BlackTitle "GM"]
[WhiteElo "2461"]
[BlackElo "2637"]
[WhiteFideId "8603294"]
[BlackFideId "8601160"]
[EventDate "2012.03.27"]

1. e4 c6 2. d4 d5 3. e5 Bf5 4. Nf3 e6 5. Be2 c5 6. c3 Nc6 7. O-O cxd4 8. cxd4
Nge7 9. a3 Nc8 10. b4 Be7 11. Nbd2 Nb6 12. Bb2 O-O 13. Ne1 Rc8 14. g4 Bg6 15. f4
Qd7 16. Nd3 Nc4 17. Nxc4 dxc4 18. Nc5 Bxc5 19. dxc5 Bd3 20. Bxd3 cxd3 21. Qf3
Rfd8 22. Rad1 a5 23. Qe4 axb4 24. axb4 Qd5 25. Qxd5 Rxd5 26. Bc3 Nd4 27. Bxd4
Rxd4 28. Rf3 Rxb4 29. Rdxd3 h6 30. Kf2 Rxc5 31. Rd8+ Kh7 32. Rd7 Rc2+ 33. Kg3
Rbb2 34. h3 Kg6 35. Kh4 Re2 1/2-1/2

[Event "ch-CHN 2012"]
[Site "Xinghua CHN"]
[Date "2012.03.28"]
[Round "2"]
[White "Lu, Shanglei"]
[Black "Yu, Yangyi"]
[Result "0-1"]
[WhiteTitle "GM"]
[BlackTitle "GM"]
[WhiteElo "2514"]
[BlackElo "2615"]
[WhiteFideId "8603332"]
[BlackFideId "8603820"]
[EventDate "2012.03.27"]

1. e4 c5 2. Nf3 e6 3. d4 cxd4 4. Nxd4 a6 5. Nc3 Qc7 6. Bd3 Nf6 7. f4 d6 8. Qe2
Nbd7 9. Bd2 g6 10. g4 Nc5 11. f5 Nfd7 12. b4 Bg7 13. Qe3 Nxd3+ 14. cxd3 Qb6 15.
Nc2 Qxe3+ 16. Nxe3 O-O 17. Ke2 Ne5 18. Rhf1 Rd8 19. f6 Bf8 20. d4 Nc6 21. d5
Nd4+ 22. Kd3 e5 23. Na4 Bd7 24. Nb6 Bh6 25. Nec4 Bxd2 26. Kxd2 Rab8 27. Nxd7
Rxd7 28. Nb6 Rdd8 29. g5 Nb5 30. Rac1 Na7 31. Rc7 Nb5 32. Re7 Nd4 33. Rc1 h6 34.
Ke3 hxg5 35. a4 g4 36. Rcc7 Kh7 37. Rxf7+ Kh6 38. Rh7+ Kg5 39. Nd7 Ra8 40. f7 b6
41. Nxb6 Rab8 42. Rd7 Rh8 43. Rxh8 Rxh8 44. Kd3 Rh3+ 45. Kd2 Rxh2+ 46. Ke1 Nc2+
47. Kd1 Ne3+ 48. Ke1 Nc2+ 49. Kd1 Rf2 50. Rc7 Ne3+ 51. Ke1 g3 52. Rc3 Rf1+ 53.
Ke2 g2 0-1

[Event "ch-CHN 2012"]
[Site "Xinghua CHN"]
[Date "2012.03.28"]
[Round "2"]
[White "Bu, Xiangzhi"]
[Black "Zhao, Jun"]
[Result "1/2-1/2"]
[WhiteTitle "GM"]
[BlackTitle "GM"]
[WhiteElo "2668"]
[BlackElo "2583"]
[WhiteFideId "8601445"]
[BlackFideId "8602522"]
[EventDate "2012.03.27"]

1. c4 Nf6 2. Nc3 g6 3. g3 Bg7 4. Bg2 O-O 5. d4 d6 6. Nf3 Nc6 7. O-O Bf5 8. b3 e5
9. Be3 Ng4 10. Bg5 f6 11. Bc1 Bd7 12. Ba3 exd4 13. Nxd4 f5 14. e3 f4 15. Bxc6
bxc6 16. exf4 Qf6 17. Nce2 g5 18. h3 gxf4 19. hxg4 Bxg4 20. Nxc6 f3 21. Nf4 Qh6
22. Ne7+ Kh8 23. Ned5 c6 24. Ne3 Rxf4 25. Bxd6 Rd4 26. Nxg4 Rxd1 27. Nxh6 Rxa1
28. Nf7+ Kg8 29. Nh6+ Kh8 30. Nf7+ Kg8 31. Nh6+ 1/2-1/2

[Event "ch-CHN 2012"]
[Site "Xinghua CHN"]
[Date "2012.03.28"]
[Round "2"]
[White "Ni, Hua"]
[Black "Zhou, Jianchao"]
[Result "1-0"]
[WhiteTitle "GM"]
[BlackTitle "GM"]
[WhiteElo "2637"]
[BlackElo "2625"]
[WhiteFideId "8601160"]
[BlackFideId "8603537"]
[EventDate "2012.03.27"]

1. e4 c5 2. Nf3 d6 3. d4 cxd4 4. Nxd4 Nf6 5. Nc3 a6 6. Be3 e5 7. Nb3 Be7 8. h3
Be6 9. Qf3 Nbd7 10. g4 Nb6 11. g5 Nfd7 12. h4 Rc8 13. Rg1 Nc4 14. Bxc4 Rxc4 15.
O-O-O Rxc3 16. bxc3 a5 17. Rd3 Bc4 18. Nd2 Bxd3 19. cxd3 Qc7 20. c4 Nc5 21. Bxc5
Qxc5 22. Kd1 Qa3 23. Ke2 Qxa2 24. Rb1 O-O 25. Rxb7 Bd8 26. Qe3 g6 27. c5 a4 28.
Ra7 a3 29. cxd6 Qb2 30. Qc5 Bb6 31. Qxa3 Qd4 32. Ra8 Qxf2+ 33. Kd1 Bd8 34. Qc3
Qxh4 35. Qxe5 Qxg5 36. Qxg5 Bxg5 37. Ra7 h5 38. Nc4 h4 39. Ke2 h3 40. Kf3 Kg7
41. Kg4 h2 42. Ra1 Bd8 43. Kg3 Rh8 44. Rh1 Kf6 45. Rxh2 Rxh2 46. Kxh2 Ke6 47. d4
Bf6 48. e5 Bg5 49. Kg3 Kd5 50. Na5 Be3 51. Nb3 Bg5 52. Kg4 Bd8 53. Kf4 Bh4 54.
Na5 Kxd4 55. Kg4 Bd8 56. Nc6+ Kd5 57. Nxd8 Kxe5 58. Nb7 Ke6 59. Kg5 f5 60. Kf4 1-0

[Event "ch-CHN 2012"]
[Site "Xinghua CHN"]
[Date "2012.03.28"]
[Round "2"]
[White "Li, Shilong"]
[Black "Wang, Chen"]
[Result "1-0"]
[WhiteTitle "GM"]
[BlackTitle "IM"]
[WhiteElo "2549"]
[BlackElo "2490"]
[WhiteFideId "8600678"]
[BlackFideId "8601020"]
[EventDate "2012.03.27"]

1. d4 d5 2. c4 e6 3. Nf3 Nf6 4. Nc3 Nbd7 5. cxd5 exd5 6. Bg5 Be7 7. e3 Nf8 8.
Bd3 Ne6 9. Bh4 O-O 10. O-O c6 11. b4 g6 12. b5 c5 13. Re1 c4 14. Bf1 Ng7 15. e4
dxe4 16. Bxf6 Bxf6 17. Nxe4 Bg4 18. Bxc4 Nf5 19. Nxf6+ Qxf6 20. h3 Bxf3 21. Qxf3
Qxd4 22. Bd5 Qb6 23. Bxb7 Nd4 24. Qe4 Rab8 25. Bd5 Nxb5 26. Rac1 Rbd8 27. Rc6
Qa5 28. Rxg6+ 1-0

[Event "ch-CHN 2012"]
[Site "Xinghua CHN"]
[Date "2012.03.29"]
[Round "3"]
[White "Wang, Chen"]
[Black "Lu, Shanglei"]
[Result "0-1"]
[WhiteTitle "IM"]
[BlackTitle "GM"]
[WhiteElo "2490"]
[BlackElo "2514"]
[WhiteFideId "8601020"]
[BlackFideId "8603332"]
[EventDate "2012.03.27"]

1. e4 c5 2. Nf3 e6 3. c3 Nf6 4. e5 Nd5 5. d4 cxd4 6. cxd4 d6 7. Bc4 Be7 8. O-O
O-O 9. Qe2 Bd7 10. Nbd2 Bc6 11. Ne4 dxe5 12. dxe5 Nd7 13. Neg5 h6 14. Nh3 N5b6
15. Bb3 Qc7 16. Bf4 Nc5 17. Bc2 Rfd8 18. Rac1 Nd5 19. Bd2 Qb6 20. Nd4 Nb4 21.
Nxc6 Nxc6 22. Be3 Qa6 23. Qg4 Nxe5 24. Qg3 Ncd3 25. Bxh6 Bf6 26. Rcd1 Qc4 27.
Bb1 Nxb2 28. Rde1 Qg4 29. Qxg4 Nxg4 30. Bf4 Nd3 31. Re4 Nxf4 32. Nxf4 Rd4 33. h3
Nh6 34. Rxd4 Bxd4 35. Rd1 Rd8 36. Kf1 Bf6 37. Rxd8+ Bxd8 38. Be4 b5 39. Ke2 Kf8
40. g4 Ke7 41. Bc6 b4 42. Kd3 Kd6 43. Be8 f5 44. f3 e5 45. Nh5 g5 46. Ng3 e4+
47. Ke2 exf3+ 48. Kxf3 f4 49. Nf5+ Nxf5 50. gxf5 Ke5 51. Kg4 Ke4 52. Bc6+ Ke3
53. Kh5 f3 54. Kg4 f2 55. Bb5 a5 56. Kg3 a4 57. Kg2 b3 0-1

[Event "ch-CHN 2012"]
[Site "Xinghua CHN"]
[Date "2012.03.29"]
[Round "3"]
[White "Liu, Qingnan"]
[Black "Hou, Yifan"]
[Result "1-0"]
[WhiteTitle "IM"]
[BlackTitle "GM"]
[WhiteElo "2461"]
[BlackElo "2639"]
[WhiteFideId "8603294"]
[BlackFideId "8602980"]
[EventDate "2012.03.27"]

1. e4 c5 2. Nc3 Nc6 3. Bb5 Nd4 4. Bc4 e6 5. Nge2 Nf6 6. O-O a6 7. d3 b5 8. Bb3
Nxb3 9. axb3 Bb7 10. Bg5 d6 11. f4 Be7 12. Ng3 h6 13. Bxf6 Bxf6 14. f5 Bd4+ 15.
Kh1 Qg5 16. Nge2 Be5 17. fxe6 fxe6 18. Ng1 Qg6 19. Nxb5 d5 20. Nc3 Bxc3 21. bxc3
dxe4 22. dxe4 Qxe4 23. Rf2 Qd5 24. Rd2 Qg5 25. Rf2 Rf8 26. Rxf8+ Kxf8 27. Qd6+
Kg8 28. Qxe6+ Kh7 29. Nf3 Qh5 30. Qe2 Re8 31. Qf2 Qf5 32. Rf1 Re6 33. Kg1 Bxf3
34. gxf3 Qg5+ 35. Kh1 Re3 36. c4 Qe5 37. Qg3 Qf5 38. Rf2 Re1+ 39. Kg2 Re6 40.
Qh4 Qe5 41. Qe4+ Qxe4 42. fxe4 Rxe4 43. Kf3 Re6 44. Rd2 Kg6 45. Rd8 Kf5 46. Rc8
Ke5 47. Rxc5+ Kd4 48. Rd5+ Kc3 49. Rd3+ Kxc2 50. Re3 Rb6 51. Ke4 a5 52. c5 Rb8
53. Kd5 Rd8+ 54. Kc4 Rd2 55. h3 Kb2 56. Kb5 Rc2 57. c6 g5 58. Kb6 Ka3 59. c7 1-0

[Event "ch-CHN 2012"]
[Site "Xinghua CHN"]
[Date "2012.03.29"]
[Round "3"]
[White "Zhao, Jun"]
[Black "Ni, Hua"]
[Result "1/2-1/2"]
[WhiteTitle "GM"]
[BlackTitle "GM"]
[WhiteElo "2583"]
[BlackElo "2637"]
[WhiteFideId "8602522"]
[BlackFideId "8601160"]
[EventDate "2012.03.27"]

1. d4 d5 2. c4 c6 3. Nc3 Nf6 4. e3 a6 5. Qc2 e6 6. Bd2 Nbd7 7. Nf3 dxc4 8. Bxc4
b5 9. Be2 Bb7 10. Ne4 Nxe4 11. Qxe4 Qb6 12. O-O c5 13. Qf4 Qd6 14. a4 Qxf4 15.
exf4 bxa4 16. f5 cxd4 17. fxe6 fxe6 18. Nxd4 Nc5 19. Bc3 Bd5 20. Rfe1 Be7 21.
Bh5+ g6 22. Nxe6 Bxe6 23. Bxh8 gxh5 24. Bd4 Kf7 25. Bxc5 Bxc5 26. Rxa4 a5 27.
Rf4+ Ke7 28. Rf5 Bb4 29. Re2 Rc8 30. g3 Rc2 31. Re4 Rc4 32. Re2 Rc2 33. Re4 Rc4
34. Re3 Rc5 35. Rxc5 Bxc5 36. Re5 Kd6 37. Rxh5 a4 38. Rh4 Bb3 39. Kf1 Kd5 40.
Ke2 Bd4 41. Rh5+ Kc4 42. Rh4 Kc5 43. Rh5+ Bd5 44. Rh4 Bc4+ 45. Kd2 Bxb2 46. Kc2
a3 47. Rxh7 Bd4 48. Rc7+ Kb4 49. Rb7+ Ka5 50. Rd7 a2 51. Rxd4 a1=Q 52. Rxc4 Qa2+
53. Kc3 Qxf2 54. Rh4 Qe3+ 55. Kc4 Kb6 56. Kd5 Kc7 57. Rh7+ Kd8 58. Rh4 Kd7 59.
Rh7+ Ke8 60. Rh4 Kf7 61. Rf4+ Kg6 62. Rg4+ Kh5 63. Rh4+ Kg5 64. Kd6 Kf5 65. Rf4+
Kg6 66. Rg4+ Kf7 67. Rf4+ Ke8 68. Rh4 Qg5 69. Re4+ Kf7 70. Rf4+ Kg7 71. Rh4 Qf5
72. Kc6 Qe5 73. Rg4+ Kf6 74. Rh4 Kg5 75. Kb6 Qd5 76. Kc7 Qe6 77. Kd8 Qf7 78. Kc8
Qe7 79. Rf4 Qa7 80. Rh4 Kf5 81. Rh5+ Kg6 82. Rh4 Kg5 83. Rf4 Qe7 84. Rh4 Kf5 85.
Rh5+ Ke6 86. Rh6+ Kd5 87. Rh5+ Ke4 88. Rh4+ Kf3 89. Rf4+ Kg2 90. Rh4 Kg1 91. Kb8
Qd7 92. Rh6 Qb5+ 93. Ka7 Qa5+ 94. Kb7 Qb4+ 95. Ka6 Qa3+ 96. Kb7 Qb3+ 97. Ka6
Qd3+ 98. Kb7 Qb1+ 99. Ka6 Qa1+ 100. Kb6 Qd4+ 101. Ka6 Qd3+ 102. Kb7 Qb3+ 103.
Ka6 1/2-1/2

[Event "ch-CHN 2012"]
[Site "Xinghua CHN"]
[Date "2012.03.29"]
[Round "3"]
[White "Yu, Yangyi"]
[Black "Bu, Xiangzhi"]
[Result "1/2-1/2"]
[WhiteTitle "GM"]
[BlackTitle "GM"]
[WhiteElo "2615"]
[BlackElo "2668"]
[WhiteFideId "8603820"]
[BlackFideId "8601445"]
[EventDate "2012.03.27"]

1. e4 e5 2. Nf3 Nf6 3. Nxe5 d6 4. Nf3 Nxe4 5. Nc3 Nf6 6. d4 Be7 7. Bd3 O-O 8.
Ne2 Re8 9. O-O Nc6 10. c3 d5 11. Ng3 Bd6 12. Nf5 Bf8 13. Bg5 h6 14. Bxf6 Qxf6
15. Ne3 Qd6 16. Qb3 Be6 17. Rfe1 a6 18. Re2 b5 19. Rae1 Re7 20. Bb1 g6 21. h4 h5
22. Ng5 Na5 23. Qd1 Rae8 24. Nxe6 Rxe6 25. g3 Nc4 26. Nxc4 bxc4 27. Rxe6 Rxe6
28. Rxe6 Qxe6 29. b3 cxb3 30. axb3 a5 1/2-1/2

[Event "ch-CHN 2012"]
[Site "Xinghua CHN"]
[Date "2012.03.30"]
[Round "4"]
[White "Lu, Shanglei"]
[Black "Bu, Xiangzhi"]
[Result "1-0"]
[WhiteTitle "GM"]
[BlackTitle "GM"]
[WhiteElo "2514"]
[BlackElo "2668"]
[WhiteFideId "8603332"]
[BlackFideId "8601445"]
[EventDate "2012.03.27"]

1. e4 Nf6 2. e5 Nd5 3. c4 Nb6 4. a4 a5 5. c5 Nd5 6. Nc3 Nb4 7. Bc4 d5 8. cxd6
exd6 9. Qb3 Qe7 10. Nf3 Bg4 11. O-O Bxf3 12. exd6 cxd6 13. gxf3 N8c6 14. d4 Nxd4
15. Qd1 Qf6 16. Re1+ Be7 17. Ne4 Qg6+ 18. Kh1 d5 19. Qxd4 dxe4 20. Bb5+ Kf8 21.
Rxe4 Qf6 22. Qxf6 Bxf6 23. Be3 g5 24. Rd1 Kg7 25. Rd7 Rhd8 26. Rxb7 Rab8 27.
Rxb8 Rxb8 28. f4 g4 29. b3 Nd5 30. Bd4 Nc3 31. Bxf6+ Kxf6 32. Re5 Rd8 33. Bc4
Rd4 34. Rxa5 Rxf4 35. Ra7 Kg6 36. Kg1 Nd1 37. a5 f5 38. a6 Nxf2 39. Bf1 Nh3+ 40.
Bxh3 gxh3 41. Re7 Rd4 42. Re1 Kf6 43. a7 Rg4+ 44. Kf1 Rg8 45. Ra1 Ra8 46. Ra5
Ke6 47. Kf2 Kd6 48. Kg3 Kc6 49. Kxh3 Kb6 50. Ra4 Kb7 51. Kh4 f4 52. Rxf4 Rd8 53.
Ra4 Ka8 54. Kg5 Rd3 55. h4 Rxb3 56. Kh6 Rb7 57. Ra5 Rd7 58. h5 Rc7 59. Rg5 Rc2
60. Kxh7 Kxa7 61. h6 Kb7 62. Kg7 Rc7+ 63. Kg6 Rc6+ 64. Kh5 1-0

[Event "ch-CHN 2012"]
[Site "Xinghua CHN"]
[Date "2012.03.30"]
[Round "4"]
[White "Ni, Hua"]
[Black "Yu, Yangyi"]
[Result "1/2-1/2"]
[WhiteTitle "GM"]
[BlackTitle "GM"]
[WhiteElo "2637"]
[BlackElo "2615"]
[WhiteFideId "8601160"]
[BlackFideId "8603820"]
[EventDate "2012.03.27"]

1. c4 Nf6 2. Nf3 e6 3. g3 b6 4. Bg2 Bb7 5. O-O c5 6. d4 cxd4 7. Qxd4 d6 8. Nc3
a6 9. Bg5 Nbd7 10. Nd2 Bxg2 11. Kxg2 Be7 12. Nde4 Qc7 13. Rfd1 O-O 14. Rac1 Rfd8
15. f3 h6 16. Nxf6+ Bxf6 17. Bxf6 Nxf6 18. b3 Qb7 19. Qf4 Qc6 20. Qd4 Qb7 21.
Qf4 Qc6 22. Qd4 Qb7 1/2-1/2

[Event "ch-CHN 2012"]
[Site "Xinghua CHN"]
[Date "2012.03.30"]
[Round "4"]
[White "Hou, Yifan"]
[Black "Zhou, Jianchao"]
[Result "1/2-1/2"]
[WhiteTitle "GM"]
[BlackTitle "GM"]
[WhiteElo "2639"]
[BlackElo "2625"]
[WhiteFideId "8602980"]
[BlackFideId "8603537"]
[EventDate "2012.03.27"]

1. e4 c5 2. Nf3 d6 3. d4 cxd4 4. Nxd4 Nf6 5. Nc3 a6 6. f4 e5 7. Nf3 Nbd7 8. a4
Qc7 9. Bd3 Be7 10. O-O O-O 11. Kh1 Nc5 12. Qe1 Re8 13. Nh4 exf4 14. Bxf4 Be6 15.
Bg3 Qb6 16. Rb1 Qb4 17. Bf4 d5 18. Bd2 dxe4 19. Nxe4 Qxa4 20. Nxc5 Bxc5 21. Rxf6
Bc4 22. Qg3 Bxd3 23. cxd3 Qc2 24. Rbf1 Qxd2 25. Nf5 g6 26. Rxf7 Bf8 27. Nh4 Bg7
28. Rxb7 Rf8 29. Nf3 Qxd3 30. Re1 Rae8 31. Rxe8 Rxe8 32. h3 Qd1+ 33. Kh2 Bf8 34.
Rb6 Rd8 35. Rb8 Qd6 36. Rxd8 Qxd8 37. Kh1 Qd1+ 38. Qe1 Qxe1+ 39. Nxe1 Kf7 40.
Kg1 Ke6 41. Kf2 Kd5 42. Ke2 Kc4 43. Kd1 Kb3 44. Nd3 a5 45. Kc1 Bh6+ 46. Kb1 Kc4
47. Kc2 Kd4 48. Nf2 a4 49. Nd1 Bf8 50. Nc3 Ke3 51. Nxa4 Kf2 52. g4 Kg3 53. Nc3
h6 54. Ne2+ Kxh3 55. Nf4+ Kxg4 56. Nxg6 Bd6 57. Kd3 Kg5 58. Ke4 Kxg6 1/2-1/2

[Event "ch-CHN 2012"]
[Site "Xinghua CHN"]
[Date "2012.03.30"]
[Round "4"]
[White "Li, Shilong"]
[Black "Liu, Qingnan"]
[Result "1/2-1/2"]
[WhiteTitle "GM"]
[BlackTitle "IM"]
[WhiteElo "2549"]
[BlackElo "2461"]
[WhiteFideId "8600678"]
[BlackFideId "8603294"]
[EventDate "2012.03.27"]

1. d4 d6 2. e4 g6 3. Nf3 Bg7 4. c3 Nf6 5. Bd3 O-O 6. O-O Nc6 7. d5 Nb8 8. c4 Bg4
9. Nc3 Nfd7 10. Be2 a5 11. Be3 Na6 12. Nd4 Bxe2 13. Qxe2 Nac5 14. Rad1 e5 15.
Ndb5 Na6 16. f3 Qe7 17. Na4 f5 18. exf5 gxf5 19. Nac3 Ndc5 20. g4 b6 21. Kh1 Rf7
22. gxf5 Rxf5 23. Rg1 Kh8 24. Rg3 Rg8 25. Rdg1 Rff8 26. Qg2 Qf7 27. Ne4 Nxe4 28.
fxe4 Bf6 29. Rxg8+ Rxg8 30. Qxg8+ Qxg8 31. Rxg8+ Kxg8 32. Kg2 Bd8 33. Kf3 Kf7
34. a3 Kg6 35. Kg4 h5+ 36. Kf3 Bg5 37. Bf2 Bd2 38. Bh4 Bg5 39. Be1 a4 40. Bc3
Bc1 41. h4 Kf7 42. Ke2 Ke7 43. Kd1 Be3 44. Bd2 Bf2 45. Bg5+ Kd7 46. Ke2 Bg3 47.
Nc3 Nc5 48. Be3 Nb3 49. Bg5 Nc5 50. Be3 Nb3 51. Nxa4 Bxh4 52. Nc3 Bg3 53. Kf3 h4
54. Ne2 Be1 55. Nc1 Na5 56. Nd3 Bg3 57. Bg5 Nxc4 58. a4 Kc8 59. Kg4 Kb7 60. b4
c6 61. dxc6+ Kxc6 62. Bxh4 Bxh4 63. Kxh4 d5 64. exd5+ Kxd5 65. a5 Nxa5 66. bxa5
bxa5 67. Nb2 Kd4 68. Kg3 Kc3 69. Na4+ Kb4 70. Nb6 Kb5 71. Nd5 Kc5 72. Nc3 Kd4
73. Na4 Ke3 74. Kg2 e4 75. Nc5 Kd4 76. Nb3+ Kc3 77. Nxa5 e3 78. Kf3 Kd3 79. Nb3
e2 1/2-1/2

[Event "ch-CHN 2012"]
[Site "Xinghua CHN"]
[Date "2012.03.31"]
[Round "5"]
[White "Liu, Qingnan"]
[Black "Wang, Chen"]
[Result "0-1"]
[WhiteTitle "IM"]
[BlackTitle "IM"]
[WhiteElo "2461"]
[BlackElo "2490"]
[WhiteFideId "8603294"]
[BlackFideId "8601020"]
[EventDate "2012.03.27"]

1. e4 c5 2. Nf3 e6 3. Qe2 Be7 4. g3 d5 5. d3 Nf6 6. Bg2 O-O 7. O-O Nc6 8. e5 Nd7
9. c4 Re8 10. Re1 Nf8 11. h4 a6 12. Nbd2 b5 13. Nf1 bxc4 14. dxc4 a5 15. h5 h6
16. Bf4 Ba6 17. Ne3 Rb8 18. Red1 Qb6 19. b3 a4 20. Qc2 Nb4 21. Qc1 axb3 22. axb3
Bb7 23. Ng4 Nh7 24. Nxh6+ gxh6 25. Bxh6 Qd8 26. Qf4 Bf8 27. Ng5 f5 28. Bxf8 Nxf8
29. g4 Qe7 30. Ra7 fxg4 31. cxd5 exd5 32. h6 Nh7 33. Nxh7 Kxh7 34. Bxd5 Nxd5 35.
Rxd5 Rf8 36. Qe3 g3 37. fxg3 Qf7 38. Rd1 Rbd8 39. Re1 Qd5 40. Qe4+ Qxe4 41. Rxe4
Rd1+ 42. Kh2 Rf7 43. g4 Kg6 44. Re3 Rf2+ 45. Kg3 Rg2+ 46. Kh4 Rh1+ 47. Rh3 Rhg1
48. Rd3 Rh1+ 49. Rh3 Rhg1 50. Rd3 Rxg4+ 51. Kh3 Kh5 0-1

[Event "ch-CHN 2012"]
[Site "Xinghua CHN"]
[Date "2012.03.31"]
[Round "5"]
[White "Zhou, Jianchao"]
[Black "Li, Shilong"]
[Result "1/2-1/2"]
[WhiteTitle "GM"]
[BlackTitle "GM"]
[WhiteElo "2625"]
[BlackElo "2549"]
[WhiteFideId "8603537"]
[BlackFideId "8600678"]
[EventDate "2012.03.27"]

1. d4 Nf6 2. c4 c5 3. d5 b5 4. cxb5 a6 5. bxa6 g6 6. Nc3 Bxa6 7. Nf3 Bg7 8. e4
Bxf1 9. Kxf1 O-O 10. e5 Ng4 11. Qe2 Qb6 12. h3 Nh6 13. g4 d6 14. Bf4 Kh8 15. Qd2
Ng8 16. h4 Nd7 17. exd6 e5 18. dxe6 fxe6 19. h5 Rxf4 20. Qxf4 Qxb2 21. hxg6 h6
22. Kg2 Rf8 23. Qe3 Qxc3 24. Qxc3 Bxc3 25. Rab1 Kg7 26. Rb7 Nf6 27. Rc1 Bd4 28.
Re1 Re8 29. Nh4 Bc3 30. Re2 Kf8 31. f4 Nd5 32. Rxd7 Nxf4+ 33. Kf3 Nxe2 34. Kxe2
Ra8 35. Nf3 Rxa2+ 36. Kd3 Ra3 37. Kc4 Ba1 38. Rf7+ Ke8 39. Kxc5 Rc3+ 40. Kb5 Rd3
41. Kc6 Rc3+ 42. Kb7 Rd3 43. Kc6 Rc3+ 44. Kb7 Rd3 45. Re7+ Kd8 46. Nh2 Rxd6 47.
g7 Bxg7 48. Rxg7 Rd7+ 49. Rxd7+ Kxd7 50. Nf1 Ke7 51. Kc6 Kf6 52. Kd6 Kg5 1/2-1/2

[Event "ch-CHN 2012"]
[Site "Xinghua CHN"]
[Date "2012.03.31"]
[Round "5"]
[White "Zhao, Jun"]
[Black "Hou, Yifan"]
[Result "0-1"]
[WhiteTitle "GM"]
[BlackTitle "GM"]
[WhiteElo "2583"]
[BlackElo "2639"]
[WhiteFideId "8602522"]
[BlackFideId "8602980"]
[EventDate "2012.03.27"]

1. Nf3 Nf6 2. g3 e6 3. Bg2 Be7 4. O-O d5 5. c4 O-O 6. d4 dxc4 7. Ne5 Nc6 8. Nxc6
bxc6 9. Na3 Bxa3 10. bxa3 Ba6 11. Qd2 Rb8 12. Qa5 Qc8 13. a4 Rd8 14. Qc5 Nd5 15.
e4 Nc3 16. Be3 Nxa4 17. Qh5 c3 18. Rfc1 Bd3 19. h4 Qa6 20. Qg4 Be2 21. Qf4 Qa5
22. Re1 Bd3 23. Rac1 h6 24. g4 c2 25. Bd2 Qb5 26. d5 Qc4 27. dxe6 Qxe6 28. g5 h5
29. Qxc7 Qxa2 30. g6 fxg6 31. Bg5 Re8 32. Qxc6 Rbc8 33. Qxg6 Nc3 34. Bh3 Qf7 35.
Qxf7+ Kxf7 36. Bxc8 Rxc8 37. Ra1 Nxe4 38. Rxa7+ Kg6 39. Bc1 Nc3 40. Rae7 Rc4 41.
R7e3 Rg4+ 42. Kh2 Rxh4+ 43. Kg3 Rd4 44. f3 Nd1 45. Re6+ Kh7 46. R1e5 h4+ 47. Kh2
Nc3 48. Rh5+ Kg8 49. Rc5 Ne2 50. Be3 Rd7 51. Re8+ Kh7 52. Kh3 Bg6 53. Ree5 Rd1
54. Kxh4 Rh1+ 55. Kg4 c1=Q 56. Bxc1 Nxc1 57. Re7 Nd3 58. Rcc7 Rg1+ 59. Kh4 Bf5
60. Rf7 Be6 61. Rfe7 Ne5 62. Kh5 0-1

[Event "ch-CHN 2012"]
[Site "Xinghua CHN"]
[Date "2012.03.31"]
[Round "5"]
[White "Bu, Xiangzhi"]
[Black "Ni, Hua"]
[Result "1/2-1/2"]
[WhiteTitle "GM"]
[BlackTitle "GM"]
[WhiteElo "2668"]
[BlackElo "2637"]
[WhiteFideId "8601445"]
[BlackFideId "8601160"]
[EventDate "2012.03.27"]

1. d4 d5 2. c4 c6 3. Nf3 Nf6 4. Nc3 dxc4 5. a4 e6 6. e3 c5 7. Bxc4 Nc6 8. O-O
cxd4 9. exd4 Be7 10. Qe2 O-O 11. Rd1 Nd5 12. Qe4 Nf6 13. Qe2 Nd5 14. Qe4 Nf6 15.
Qe2 1/2-1/2

[Event "ch-CHN 2012"]
[Site "Xinghua CHN"]
[Date "2012.03.27"]
[Round "1"]
[White "Zhou, Jianchao"]
[Black "Bu, Xiangzhi"]
[Result "1/2-1/2"]
[WhiteTitle "GM"]
[BlackTitle "GM"]
[WhiteElo "2625"]
[BlackElo "2668"]
[WhiteFideId "8603537"]
[BlackFideId "8601445"]
[EventDate "2012.03.27"]

1. d4 d5 2. c4 c6 3. Nc3 Nf6 4. e3 g6 5. Nf3 Bg7 6. Be2 O-O 7. O-O b6 8. b4 Bb7
9. Rb1 Nbd7 10. a4 Qc7 11. Ba3 Rfc8 12. Qb3 e5 13. Rbc1 exd4 14. Nxd4 dxc4 15.
Bxc4 Ne5 16. Be2 Neg4 17. g3 Qe5 18. Nf3 Qe7 19. e4 b5 20. Rce1 a6 21. Bb2 Nd7
22. e5 Ngxe5 23. Nxe5 Nxe5 24. Ne4 bxa4 25. Qxa4 c5 26. bxc5 Bc6 27. Qc2 Rcb8
28. Bc3 Qe6 29. f4 Nd7 30. Bxg7 Bxe4 31. Qc3 Qb3 32. Qa1 Nxc5 33. Bh8 Ne6 34.
Bg4 Qb6+ 35. Rf2 Qb1 36. Bxe6 Qxe1+ 37. Qxe1 Rb1 38. Qxb1 Bxb1 39. Bd5 Rd8 40.
Bf6 Rxd5 41. Rb2 Rb5 42. Rxb5 1/2-1/2

[Event "ch-CHN 2012"]
[Site "Xinghua CHN"]
[Date "2012.04.02"]
[Round "6"]
[White "Lu, Shanglei"]
[Black "Ni, Hua"]
[Result "1/2-1/2"]
[WhiteTitle "GM"]
[BlackTitle "GM"]
[WhiteElo "2514"]
[BlackElo "2637"]
[WhiteFideId "8603332"]
[BlackFideId "8601160"]
[EventDate "2012.03.27"]

1. e4 e5 2. Nf3 Nc6 3. Bb5 Nf6 4. O-O Nxe4 5. d4 Nd6 6. Bg5 Be7 7. Bxe7 Qxe7 8.
Bxc6 dxc6 9. dxe5 Ne4 10. Nbd2 Nxd2 11. Qxd2 O-O 12. Qe3 Bg4 13. Nd4 Rad8 14. h3
Bc8 15. f4 c5 16. Nf3 b6 17. Qe4 f5 18. Qc6 Qd7 19. Qxd7 Rxd7 20. Rad1 Rfd8 21.
Rxd7 Rxd7 22. Re1 Rd8 23. Kf2 h6 24. Re2 Kf7 25. Rd2 Rg8 26. h4 g6 27. Nh2 Ke6
28. Nf3 Bb7 29. Ke3 a5 30. g3 Bd5 31. a3 Be4 32. Rh2 Bc6 33. Ne1 Rd8 34. h5 g5
35. fxg5 hxg5 36. h6 Be4 37. h7 Rh8 38. Nf3 Bxf3 39. Rh6+ Kxe5 40. Kxf3 Kd4 41.
c3+ Kd3 42. g4 f4 43. Rh5 a4 44. Rxg5 Rxh7 45. Rh5 Rf7 46. Rh2 Kc4 47. Rd2 Kb3
48. g5 Rf8 49. Rg2 b5 50. g6 b4 51. cxb4 cxb4 52. axb4 Kxb4 53. g7 Rg8 54. Kxf4
Kb3 55. Ke4 c5 56. Kd5 c4 57. Rg3+ Kxb2 58. Kxc4 Kc2 59. Rg2+ Kd1 60. Kb4 Ke1
61. Kxa4 Kf1 62. Rg6 Kf2 63. Kb5 Kf3 64. Kc6 Kf4 65. Kd7 Kf5 66. Rg1 Kf6 67.
Rf1+ Kxg7 68. Rg1+ Kf7 69. Rxg8 Kxg8 1/2-1/2